<?xml version="1.0" encoding="UTF-8"?>
<collection xmlns="http://www.loc.gov/MARC21/slim">
 <record>
  <leader>02402nam a2200277 a 4500</leader>
  <controlfield tag="001">1/38616</controlfield>
  <controlfield tag="008">091023s2008    enka     b    001 0 eng d</controlfield>
  <datafield tag="020" ind1=" " ind2=" ">
   <subfield code="a">9780199532438 (ebook)</subfield>
  </datafield>
  <datafield tag="035" ind1=" " ind2=" ">
   <subfield code="l">41260</subfield>
  </datafield>
  <datafield tag="040" ind1=" " ind2=" ">
   <subfield code="a">GR-PeUP</subfield>
  </datafield>
  <datafield tag="041" ind1=" " ind2=" ">
   <subfield code="a">eng</subfield>
  </datafield>
  <datafield tag="100" ind1="1" ind2=" ">
   <subfield code="a">Atkinson, A. B.</subfield>
   <subfield code="q">(Anthony Barnes)</subfield>
  </datafield>
  <datafield tag="245" ind1="1" ind2="4">
   <subfield code="a">The changing distribution of earnings in OECD countries</subfield>
   <subfield code="h">[electronic resource] /</subfield>
   <subfield code="c">A.B. Atkinson.</subfield>
  </datafield>
  <datafield tag="260" ind1=" " ind2=" ">
   <subfield code="a">Oxford ;</subfield>
   <subfield code="a">New York :</subfield>
   <subfield code="b">Oxford University Press,</subfield>
   <subfield code="c">2008.</subfield>
  </datafield>
  <datafield tag="300" ind1=" " ind2=" ">
   <subfield code="a">Ένα html e-book.</subfield>
  </datafield>
  <datafield tag="490" ind1="1" ind2=" ">
   <subfield code="a">The Rodolfo Debenedetti lectures ;</subfield>
  </datafield>
  <datafield tag="520" ind1=" " ind2=" ">
   <subfield code="a">This book is about how much people earn and why the distribution of earnings has been changing over time. The gap between the top and bottom in the United States has widened significantly since 1980. Why has this happened? Is it due to new technologies? What is the role of globalization? Are there historical precedents? The book begins with the 'race' between technology and education, and shows that continuing technical progress does not necessarily imply a continuing rise in dispersion. It then examines the experience of twenty OECD countries over the 20th century, material presented in the form of twenty country case studies. The book breaks new ground in assembling data on the distribution of individual earnings covering much of the 20th century and drawing on a variety of under-exploited sources. The findings overturn a number of widely-held beliefs. It is not the earnings of the low paid that have been most affected by the recent changes; widening is largely due to what is happening at the top. The recent rise in earnings dispersion is not unprecedented, but should be seen as part of a longer-run history of successive compression and expansion of earnings differences.</subfield>
  </datafield>
  <datafield tag="533" ind1=" " ind2=" ">
   <subfield code="a">Ηλεκτρονικό βιβλίο</subfield>
   <subfield code="e">Τρόπος πρόσβασης μέσω διαδικτύου.</subfield>
  </datafield>
  <datafield tag="650" ind1=" " ind2="4">
   <subfield code="a">Income distribution</subfield>
   <subfield code="z">OECD countries.</subfield>
  </datafield>
  <datafield tag="650" ind1=" " ind2="4">
   <subfield code="a">Income distribution</subfield>
   <subfield code="z">OECD countries</subfield>
   <subfield code="x">Econometric models.</subfield>
  </datafield>
  <datafield tag="655" ind1=" " ind2="4">
   <subfield code="a">Electronic books.</subfield>
  </datafield>
  <datafield tag="830" ind1=" " ind2=" ">
   <subfield code="a">The Rodolfo Debenedetti lectures.</subfield>
  </datafield>
  <datafield tag="852" ind1=" " ind2=" ">
   <subfield code="a">INST</subfield>
   <subfield code="b">UNIPILB</subfield>
   <subfield code="c">EBOOKS</subfield>
   <subfield code="e">20100310</subfield>
   <subfield code="p">00b41260</subfield>
   <subfield code="q">00b41260</subfield>
   <subfield code="t">ONLINE</subfield>
   <subfield code="y">0</subfield>
  </datafield>
  <datafield tag="856" ind1="4" ind2="0">
   <subfield code="u">http://www.oxfordscholarship.com/oso/public/content/economicsfinance/9780199532438/toc.html</subfield>
  </datafield>
  <datafield tag="856" ind1="4" ind2="0">
   <subfield code="u">http://dx.doi.org/10.1093/acprof:oso/9780199532438.001.0001</subfield>
  </datafield>
  <datafield tag="856" ind1="4" ind2=" ">
   <subfield code="d">/webopac/covers/02/41260_9780199532438.jpg</subfield>
   <subfield code="z">(ebook)</subfield>
  </datafield>
 </record>
</collection>
